|
|
|
|
| LEADER |
00000nam0a2200000 4500 |
| 001 |
277130 |
| 005 |
20231101235004.0 |
| 020 |
|
|
|a RU
|b 85-105241
|
| 035 |
|
|
|a (RuTPU)RU\TPU\book\300403
|
| 090 |
|
|
|a 277130
|
| 100 |
|
|
|a 20141128d1985 k y0rusy5003 ca
|
| 101 |
0 |
|
|a rus
|
| 102 |
|
|
|a AM
|
| 105 |
|
|
|a a z 001zy
|
| 200 |
1 |
|
|a Роль структурной организации ионных мицелл в механизме формирования макромолекул в эмульсиях
|f А.А. Шагинян
|g Академия наук Армянской ССР (АН АрмСССР), Институт экспериментальной биологии
|
| 210 |
|
|
|a Ереван
|c Изд-во АН АрмССР
|d 1985
|
| 215 |
|
|
|a 181 с.
|c ил.
|
| 320 |
|
|
|a Библиогр.: с. 158-179
|
| 606 |
1 |
|
|a Полимеризация
|2 stltpush
|3 (RuTPU)RU\TPU\subj\50187
|9 68927
|
| 610 |
1 |
|
|a поверхностно-активные вещества
|
| 610 |
1 |
|
|a эмульсионная полимеризация
|
| 610 |
1 |
|
|a мицеллы
|
| 610 |
1 |
|
|a адсорбционные слои
|
| 610 |
1 |
|
|a гидрофобные вещества
|
| 610 |
1 |
|
|a микрокалориметрический метод
|
| 610 |
1 |
|
|a олефильные вещества
|
| 675 |
|
|
|a 678.02
|v 3
|
| 700 |
|
1 |
|a Шагинян
|b А.А.
|g Арам Арташесович
|
| 712 |
0 |
2 |
|a Академия наук Армянской ССР (АН АрмСССР)
|b Институт экспериментальной биологии
|2 stltpush
|3 (RuTPU)RU\TPU\col\21539
|
| 801 |
|
0 |
|a RU
|b RuMRKP
|c 19950704
|g psbo
|
| 801 |
|
1 |
|a RU
|b 63413507
|c 20141128
|
| 801 |
|
2 |
|a RU
|b 63413507
|c 20170403
|g RCR
|
| 942 |
|
|
|c BK
|